00422nam a2200145 i 450000100060000000300090000600500170001500700030003200800410003510000360007624500640011226000450017630000210022185200340024269404ES-MaACL20230906170519.0t|040705s1965 sp ||||1| spa d1 aGarcía Brera, Miguel Ángel.10aCanción para quienes amo / cMiguel Angel García Brera. aBilbao : bAlrededor de la Mesa, c1965. a31 p. ; c22 cm. aES-MaACLj2042-F-15 bR.55958